[Event "Mittelrhein Regionalliga 18/19"]
[Site "Nordrheinwestfalen"]
[Date "2019.04.07"]
[Round "9.5"]
[White "Minyeyevtsev, Semen"]
[Black "Marzec, Ronny"]
[Result "1/2-1/2"]
[WhiteElo "2114"]
[BlackElo "1970"]
[PlyCount "37"]
[EventDate "2018.10.28"]
[EventType "team-tourn"]
[EventRounds "11"]
[EventCountry "GER"]
[SourceTitle "EXT 2022"]
[Source "ChessBase"]
[SourceDate "2021.10.06"]
[SourceVersion "1"]
[SourceVersionDate "2021.10.06"]
[SourceQuality "1"]
[WhiteTeam "Alsdorf SVG"]
[BlackTeam "Bonn Stadtverwaltung"]
[WhiteTeamCountry "GER"]
[BlackTeamCountry "GER"]

1. e4 e5 2. Nc3 Nf6 3. g3 Nc6 4. Bg2 Bc5 5. Nge2 d6 6. Na4 0-0 7. 0-0 Qe7 8. d3 Be6 9. c3 d5 10. d4 Bb6 11. Bg5 dxe4 12. Bxe4 exd4 13. Nxb6 axb6 14. Nxd4 h6 15. Nxc6 bxc6 16. Bxf6 Qxf6 17. Bxc6 Rxa2 18. Rxa2 Bxa2 19. Qf3 1/2-1/2

[Event "Mittelrhein Regionalliga 18/19"]
[Site "Nordrheinwestfalen"]
[Date "2019.03.10"]
[Round "8.3"]
[White "Marzec, Ronny"]
[Black "Lambertz, Michael"]
[Result "1-0"]
[WhiteElo "1986"]
[BlackElo "1980"]
[PlyCount "65"]
[EventDate "2018.10.28"]
[EventType "team-tourn"]
[EventRounds "11"]
[EventCountry "GER"]
[SourceTitle "EXT 2022"]
[Source "ChessBase"]
[SourceDate "2021.10.06"]
[SourceVersion "1"]
[SourceVersionDate "2021.10.06"]
[SourceQuality "1"]
[WhiteTeam "Bonn Stadtverwaltung"]
[BlackTeam "Koeln Ford SF"]
[WhiteTeamCountry "GER"]
[BlackTeamCountry "GER"]

1. e4 e5 2. f4 d5 3. exd5 exf4 4. Nf3 Nf6 5. Bb5+ c6 6. dxc6 Nxc6 7. d4 Qa5+ 8. Nc3 Bb4 9. 0-0 0-0 10. Qd3 Bd6 11. Bxc6 bxc6 12. Ne4 Nxe4 13. Qxe4 Ba6 14. Re1 Qc7 15. Bd2 Qd7 16. Ng5 g6 17. Bxf4 c5 18. Bxd6 Qxd6 19. d5 c4 20. Qd4 Bb7 21. Rad1 Rfe8 22. Ne4 Rxe4 23. Rxe4 Rd8 24. Rde1 f6 25. Re6 Qb4 26. Qxf6 Qc5+ 27. Kh1 Rf8 28. Re8 Bxd5 29. Rxf8+ Qxf8 30. Qxf8+ Kxf8 31. Re5 Bb7 32. Rc5 Ba6 33. Ra5 1-0

[Event "Mittelrhein Regionalliga 18/19"]
[Site "Nordrheinwestfalen"]
[Date "2019.01.20"]
[Round "6.4"]
[White "Keller, Thomas L"]
[Black "Marzec, Ronny"]
[Result "1-0"]
[WhiteElo "2209"]
[BlackElo "1986"]
[PlyCount "67"]
[EventDate "2018.10.28"]
[EventType "team-tourn"]
[EventRounds "11"]
[EventCountry "GER"]
[SourceTitle "EXT 2022"]
[Source "ChessBase"]
[SourceDate "2021.10.06"]
[SourceVersion "1"]
[SourceVersionDate "2021.10.06"]
[SourceQuality "1"]
[WhiteTeam "Bruehl"]
[BlackTeam "Bonn Stadtverwaltung"]
[WhiteTeamCountry "GER"]
[BlackTeamCountry "GER"]

1. e4 e5 2. Nf3 Nc6 3. Bc4 Nf6 4. d4 exd4 5. e5 d5 6. Bb5 Ne4 7. Nxd4 Bd7 8. Bxc6 bxc6 9. 0-0 Bc5 10. f3 Ng5 11. f4 Ne6 12. c3 f5 13. Be3 0-0 14. Nd2 Bb6 15. b4 a5 16. N2b3 axb4 17. cxb4 Ra3 18. Re1 Qa8 19. Nxe6 Bxe3+ 20. Rxe3 Bxe6 21. Qd2 Rb8 22. Nc5 Kf7 23. Rxa3 Qxa3 24. Rb1 d4 25. Qxd4 Qxa2 26. Rb2 Qa1+ 27. Kf2 Rd8 28. Qxd8 Qxb2+ 29. Kg3 Qc3+ 30. Kh4 Qe1+ 31. g3 Qh1 32. h3 Qf3 33. Nxe6 h6 34. Qd7+ 1-0

[Event "Mittelrhein Regionalliga 18/19"]
[Site "Nordrheinwestfalen"]
[Date "2018.12.16"]
[Round "5.6"]
[White "Marzec, Ronny"]
[Black "Rosskothen, Arnd"]
[Result "1-0"]
[WhiteElo "1986"]
[BlackElo "2096"]
[PlyCount "99"]
[EventDate "2018.10.28"]
[EventType "team-tourn"]
[EventRounds "11"]
[EventCountry "GER"]
[SourceTitle "EXT 2022"]
[Source "ChessBase"]
[SourceDate "2021.10.06"]
[SourceVersion "1"]
[SourceVersionDate "2021.10.06"]
[SourceQuality "1"]
[WhiteTeam "Bonn Stadtverwaltung"]
[BlackTeam "Bonn Beuel"]
[WhiteTeamCountry "GER"]
[BlackTeamCountry "GER"]

1. e4 c5 2. Nf3 e6 3. d4 cxd4 4. Nxd4 Nc6 5. c4 Nf6 6. Nc3 Bb4 7. Nxc6 bxc6 8. e5 Ne4 9. Qd4 f5 10. exf6 Qxf6 11. Qxf6 gxf6 12. Bd2 Nxd2 13. Kxd2 Rb8 14. Rb1 d5 15. a3 Bc5 16. f4 a5 17. Bd3 Kf7 18. f5 Rd8 19. fxe6+ Bxe6 20. cxd5 Bxd5 21. Nxd5 Rxd5 22. Kc3 Kg7 23. Be4 Re5 24. Bf3 Be3 25. b4 axb4+ 26. axb4 Rb6 27. Rhd1 Reb5 28. Rd7+ Kg6 29. Be4+ Kg5 30. Rf1 f5 31. Bd3 Re5 32. Rxh7 Rb8 33. Rc7 c5 34. b5 Ra8 35. Kb3 Rd8 36. Kc4 Rd4+ 37. Kc3 Rb4 38. Rb1 Rxb1 39. Bxb1 c4 40. Kxc4 Bg1 41. h3 Re1 42. Bc2 Re2 43. Bd3 Re1 44. Rf7 Re5 45. Rxf5+ Rxf5 46. Bxf5 Kxf5 47. Kd5 Kf4 48. Kc6 Kg3 49. b6 Kxg2 50. b7 1-0

[Event "Mittelrhein Regionalliga 1718"]
[Site "Nordrheinwestfalen"]
[Date "2017.10.01"]
[Round "2.5"]
[White "Debald, Heinrich"]
[Black "Marzec, Ronny"]
[Result "1-0"]
[WhiteElo "1991"]
[BlackElo "2029"]
[PlyCount "51"]
[EventDate "2017.09.10"]
[EventType "team-tourn"]
[EventRounds "9"]
[EventCountry "GER"]
[SourceTitle "EXT 2022"]
[Source "ChessBase"]
[SourceDate "2021.10.06"]
[SourceVersion "1"]
[SourceVersionDate "2021.10.06"]
[SourceQuality "1"]
[WhiteTeam "Leverkusen SC Bayer"]
[BlackTeam "Bonn Stadtverwaltung"]
[WhiteTeamCountry "GER"]
[BlackTeamCountry "GER"]

1. c4 e6 2. Nf3 Nf6 3. d4 d5 4. Nc3 Be7 5. e3 0-0 6. Bd3 dxc4 7. Bxc4 a6 8. 0-0 b5 9. Bd3 Bb7 10. Qe2 c5 11. dxc5 Bxc5 12. e4 Nbd7 13. e5 Bxf3 14. gxf3 Nh5 15. Qe4 g6 16. Bh6 Re8 17. Rad1 Qe7 18. Rfe1 Nb6 19. Qg4 Qa7 20. Ne4 Be7 21. Kh1 Nd5 22. Qxh5 gxh5 23. Rg1+ Kh8 24. Bg7+ Kg8 25. Nf6+ Bxf6 26. Bxf6+ 1-0

[Event "Mittelrhein Verbandsliga-O 16/17"]
[Site "Nordrheinwestfalen"]
[Date "2017.03.19"]
[Round "9.6"]
[White "Mews, Bernhard"]
[Black "Marzec, Ronny"]
[Result "0-1"]
[WhiteElo "1996"]
[BlackElo "2001"]
[PlyCount "66"]
[EventDate "2016.09.11"]
[EventType "team-tourn"]
[EventRounds "11"]
[EventCountry "GER"]
[SourceTitle "EXT 2022"]
[Source "ChessBase"]
[SourceDate "2021.10.06"]
[SourceVersion "1"]
[SourceVersionDate "2021.10.06"]
[SourceQuality "1"]
[WhiteTeam "Koeln Lasker II"]
[BlackTeam "Bonn Stadtverwaltung"]
[WhiteTeamCountry "GER"]
[BlackTeamCountry "GER"]

1. e4 e5 2. Nf3 Nc6 3. d4 exd4 4. Nxd4 Nf6 5. Nxc6 bxc6 6. e5 Qe7 7. Qe2 Nd5 8. c4 Ba6 9. Nd2 g6 10. Nf3 Bg7 11. Bg5 f6 12. exf6 Nxf6 13. Qxe7+ Kxe7 14. 0-0-0 d6 15. Bd3 Kf7 16. Rhe1 c5 17. Bd2 Rhe8 18. Ng5+ Kg8 19. Ne6 Rac8 20. Ba5 Bh6+ 21. Kc2 Re7 22. Re2 Ng4 23. f4 Nf2 24. Rxf2 Rxe6 25. f5 Rf6 26. Bc3 Rf7 27. Re1 gxf5 28. Bxf5 Bxc4 29. Rf3 Rcf8 30. g4 Bg7 31. b3 Bd5 32. Rd3 c6 33. Rde3 Bd4 0-1

[Event "Mittelrhein Verbandsliga-O 16/17"]
[Site "Nordrheinwestfalen"]
[Date "2017.01.29"]
[Round "7"]
[White "Bussard, Achim"]
[Black "Marzec, Ronny"]
[Result "1/2-1/2"]
[WhiteElo "1808"]
[BlackElo "2001"]
[PlyCount "97"]
[EventDate "2016.09.11"]
[EventType "team-tourn"]
[EventRounds "11"]
[EventCountry "GER"]
[SourceTitle "EXT 2022"]
[Source "ChessBase"]
[SourceDate "2021.10.06"]
[SourceVersion "1"]
[SourceVersionDate "2021.10.06"]
[SourceQuality "1"]
[WhiteTeam "Niederkassel II"]
[BlackTeam "Bonn Stadtverwaltung"]
[WhiteTeamCountry "GER"]
[BlackTeamCountry "GER"]

1. d4 d5 2. Nf3 Nf6 3. g3 e6 4. Bg2 Be7 5. 0-0 0-0 6. Bg5 c5 7. c3 Qb6 8. Qb3 Nc6 9. Qxb6 axb6 10. e3 Re8 11. Nbd2 Bd7 12. Rfe1 Bd6 13. a3 h6 14. Bxf6 gxf6 15. e4 dxe4 16. Nxe4 Be7 17. dxc5 bxc5 18. Rad1 Red8 19. Ned2 Be8 20. Nc4 b5 21. Ne3 Rxd1 22. Rxd1 Rd8 23. Rxd8 Bxd8 24. Bf1 Ne7 25. Nd2 Bc6 26. Bg2 f5 27. Bxc6 Nxc6 28. Kf1 Kf8 29. Ke2 Ke7 30. f4 h5 31. Nc2 Kd6 32. c4 b4 33. axb4 Nxb4 34. Nxb4 cxb4 35. b3 Bb6 36. Nf3 f6 37. Ne1 e5 38. Nd3 Ba5 39. Ne1 Kc5 40. Nc2 Bc7 41. Ke3 Bd6 42. h4 Kc6 43. Ne1 Bc5+ 44. Ke2 Bd4 45. Nc2 Kc5 46. Ne3 Bxe3 47. Kxe3 e4 48. Kd2 Kd4 49. Ke2 1/2-1/2

[Event "Mittelrhein Verbandsliga-O 15/16"]
[Site "Nordrheinwestfalen"]
[Date "2016.03.13"]
[Round "9"]
[White "Marzec, Ronny"]
[Black "Simon, Martin"]
[Result "1/2-1/2"]
[WhiteElo "1938"]
[BlackElo "1927"]
[PlyCount "76"]
[EventDate "2015.09.06"]
[EventType "team-tourn"]
[EventRounds "11"]
[EventCountry "GER"]
[SourceTitle "EXT 2022"]
[Source "ChessBase"]
[SourceDate "2021.10.06"]
[SourceVersion "1"]
[SourceVersionDate "2021.10.06"]
[SourceQuality "1"]
[WhiteTeam "Bonn Stadtverwaltung"]
[BlackTeam "Koeln Lasker II"]
[WhiteTeamCountry "GER"]
[BlackTeamCountry "GER"]

1. e4 d5 2. exd5 Qxd5 3. Nc3 Qd8 4. d4 Nf6 5. Nf3 Bg4 6. h3 Bh5 7. g4 Bg6 8. Bg2 c6 9. Ne5 e6 10. h4 Bb4 11. h5 Be4 12. f3 Bd5 13. Bd2 Qb6 14. Nxd5 Nxd5 15. c3 Bd6 16. Qb3 Nd7 17. f4 f6 18. Nc4 Qc7 19. Nxd6+ Qxd6 20. Rf1 0-0 21. 0-0-0 b5 22. f5 N7b6 23. h6 Nc4 24. hxg7 Rf7 25. Bxd5 Qxd5 26. Bh6 Re8 27. Rde1 Qg2 28. Qc2 Qxc2+ 29. Kxc2 Rfe7 30. g5 exf5 31. Rxe7 Rxe7 32. gxf6 Re2+ 33. Kd3 Rh2 34. Rxf5 Rh3+ 35. Kc2 Rh2+ 36. Kc1 Rh1+ 37. Kc2 Rh2+ 38. Kc1 Rh1+ 1/2-1/2

[Event "Mittelrhein Verbandsliga-O 15/16"]
[Site "Nordrheinwestfalen"]
[Date "2015.12.13"]
[Round "5"]
[White "Marzec, Ronny"]
[Black "Bendisch, Juergen"]
[Result "1-0"]
[WhiteElo "1957"]
[BlackElo "1675"]
[PlyCount "109"]
[EventDate "2015.09.06"]
[EventType "team-tourn"]
[EventRounds "11"]
[EventCountry "GER"]
[SourceTitle "EXT 2022"]
[Source "ChessBase"]
[SourceDate "2021.10.06"]
[SourceVersion "1"]
[SourceVersionDate "2021.10.06"]
[SourceQuality "1"]
[WhiteTeam "Bonn Stadtverwaltung"]
[BlackTeam "Hennef"]
[WhiteTeamCountry "GER"]
[BlackTeamCountry "GER"]

1. e4 c5 2. Nf3 e6 3. d4 cxd4 4. Nxd4 a6 5. Nc3 d6 6. Be3 Nf6 7. f3 Bd7 8. Qd2 Nc6 9. 0-0-0 Be7 10. g4 Nxd4 11. Bxd4 e5 12. Be3 Be6 13. Kb1 Qa5 14. g5 Nd7 15. Nd5 Qxd2 16. Nc7+ Kd8 17. Nxe6+ fxe6 18. Rxd2 Kc7 19. Bh3 Nf8 20. Rf1 Re8 21. c4 Ng6 22. Rfd1 Rhf8 23. Bg4 Nf4 24. c5 d5 25. Bxf4 exf4 26. exd5 exd5 27. Rxd5 Kb8 28. h4 h6 29. gxh6 gxh6 30. h5 Rd8 31. Kc2 Rxd5 32. Rxd5 Rd8 33. Re5 Bg5 34. Bf5 Kc7 35. Be4 Rd7 36. Re6 Re7 37. Rb6 Kc8 38. b4 Rc7 39. Kb3 a5 40. a3 axb4 41. axb4 Re7 42. Kc4 Rf7 43. Kb5 Re7 44. Kc4 Rc7 45. Rd6 Kb8 46. Rg6 Rd7 47. b5 Kc7 48. b6+ Kb8 49. Rg8+ Rd8 50. Rg7 Bf6 51. Rxb7+ Kc8 52. c6 Rd4+ 53. Kc5 Rd1 54. Bf5+ Kd8 55. c7+ 1-0

[Event "Mittelrhein Verbandsliga-O 15/16"]
[Site "Nordrheinwestfalen"]
[Date "2015.09.27"]
[Round "2"]
[White "Kessler, Ulrich"]
[Black "Marzec, Ronny"]
[Result "1/2-1/2"]
[WhiteElo "1827"]
[BlackElo "1957"]
[PlyCount "81"]
[EventDate "2015.09.06"]
[EventType "team-tourn"]
[EventRounds "11"]
[EventCountry "GER"]
[SourceTitle "EXT 2022"]
[Source "ChessBase"]
[SourceDate "2021.10.06"]
[SourceVersion "1"]
[SourceVersionDate "2021.10.06"]
[SourceQuality "1"]
[WhiteTeam "Troisdorf"]
[BlackTeam "Bonn Stadtverwaltung"]
[WhiteTeamCountry "GER"]
[BlackTeamCountry "GER"]

1. Nf3 Nf6 2. c4 e6 3. g3 d5 4. Bg2 Be7 5. Na3 0-0 6. b3 b6 7. 0-0 Bb7 8. Qc2 c5 9. Bb2 Nc6 10. Rad1 d4 11. Qb1 Qd7 12. e3 e5 13. e4 Ne8 14. Rde1 a6 15. d3 Nd6 16. Nc2 b5 17. a3 bxc4 18. bxc4 a5 19. a4 Nc8 20. Na3 Bd6 21. Nb5 Nb4 22. Qd1 Nb6 23. Ng5 h6 24. Nh3 Rae8 25. f4 f5 26. fxe5 Bxe5 27. Nf4 fxe4 28. Bh3 Qc6 29. Bg2 Bxf4 30. gxf4 Qg6 31. f5 Rxf5 32. Rxf5 Qxf5 33. Nd6 Qd7 34. Nxe8 Qxe8 35. Bxe4 Bxe4 36. Rxe4 Qg6+ 37. Qg4 Qxg4+ 38. Rxg4 Nxd3 39. Bxd4 cxd4 40. Rxd4 Nc5 41. Rd8+ 1/2-1/2